Kỹ thuật nuôi thả hải sản
Trình bày một số kỹ thuật nuôi thả hải sản như tôm hùm, hải sâm, cua biển, tôm sú...
সংরক্ষণ করুন:
| প্রধান লেখক: | |
|---|---|
| বিন্যাস: | গ্রন্থ |
| ভাষা: | Undetermined |
| প্রকাশিত: |
Hà Nội
Thanh niên
2013
|
| বিষয়গুলি: | |
| ট্যাগগুলো: |
ট্যাগ যুক্ত করুন
কোনো ট্যাগ নেই, প্রথমজন হিসাবে ট্যাগ করুন!
|
| Thư viện lưu trữ: | Trung tâm Học liệu Trường Đại học Cần Thơ |
|---|
| LEADER | 00678nam a2200205Ia 4500 | ||
|---|---|---|---|
| 001 | CTU_180571 | ||
| 008 | 210402s9999 xx 000 0 und d | ||
| 020 | |c 44000 | ||
| 082 | |a 639.32 | ||
| 082 | |b H523 | ||
| 100 | |a Huy Linh | ||
| 245 | 0 | |a Kỹ thuật nuôi thả hải sản | |
| 245 | 0 | |c Huy Linh (biên soạn) | |
| 260 | |a Hà Nội | ||
| 260 | |b Thanh niên | ||
| 260 | |c 2013 | ||
| 520 | |a Trình bày một số kỹ thuật nuôi thả hải sản như tôm hùm, hải sâm, cua biển, tôm sú... | ||
| 650 | |a Marine fishes,Nuôi thả hải sản | ||
| 904 | |i Thuý Vi | ||
| 980 | |a Trung tâm Học liệu Trường Đại học Cần Thơ | ||